Trecie zváranie s premiešaním vysokopevných ocelí používaných v automobilovom priemysle

Guardado en:
Detalles Bibliográficos
Autor principal: Čulen, Pavol, 1966- (Autor)
Otros Autores: Zifčák, Peter, 1978- (Orientador)
Formato: Manuscrito Libro
Lenguaje:eslovaco
Publicado: Trnava : STU v Bratislave MTF UVTE, 2014
Materias:
Acceso en línea:VAIS
Etiquetas: Agregar Etiqueta
Sin Etiquetas, Sea el primero en etiquetar este registro!

MARC

LEADER 00000ntm a22000003a 4500
001 stu290791
005 20150617230258.1
008 140610s2014----xo------------------slo-d
040 |a STU  |b slo 
041 0 |a slo 
044 |a xo 
100 1 |a Čulen, Pavol,  |d 1966-  |4 aut  |X 38185  |7 A000038185 
242 0 0 |a Friction Stir Welding of highly solid steel used in the automobile industry  |y eng 
245 1 |a Trecie zváranie s premiešaním vysokopevných ocelí používaných v automobilovom priemysle 
260 |a Trnava :  |b STU v Bratislave MTF UVTE,  |c 2014 
300 |a 77s  |c CD 
650 7 |a weld joint  |2 estusub 
650 7 |a zvarový spoj  |2 stusub 
650 7 |a vysokopevné ocele  |2 stusub 
700 1 |a Zifčák, Peter,  |d 1978-  |4 ths  |X 41667  |7 A000041667 
856 4 |a info a plný text  |u http://is.stuba.sk/zp/portal_zp.pl?podrobnosti=95119  |3 VAIS 
996 |c M*DP-11665  |l MMSKP  |s P  |a 0  |w stu290791_0001